Leeds, 1721. The American almanack for the year of Christian account, 1721 : ... Fitted to the latitude of 40 degrees, and a meridian of five hours west from London, but may, without sensible error, serve all the adjacent places, even from Newfound-Land to Carolina. /

Bibliographic Details
Main Author: Leeds, Titan, 1699-1738
Format: eBook
Language:English
Series:Early American imprints. Evans (1639-1800) ; no. 2126.
Subjects:
Online Access:Evans Digital Edition

MARC

Tag First Indicator Second Indicator Subfields
LEADER 00000cam a22000001a 4500
001 in00002139593
006 m e d #
007 cr mn mmmmabba
008 870402s1720 paua s 000 0 eng d
005 20260330195429.8
035 |z w002216 
035 |a MAAR8704023305B 
035 |9 mwa91-53560 
035 |a 320794 
035 |a aas03002216 
040 |a MWA  |c MWA  |e bdrb  |d UtOrBLW 
100 1 |a Leeds, Titan,  |d 1699-1738. 
245 1 0 |a Leeds, 1721. The American almanack for the year of Christian account, 1721 :  |b ... Fitted to the latitude of 40 degrees, and a meridian of five hours west from London, but may, without sensible error, serve all the adjacent places, even from Newfound-Land to Carolina. /  |c By Titan Leeds, philomat. ; [Six lines of verse]. 
264 3 |a [Philadelphia] :  |b Printed and sold by Andrew Bradford, at the Sign of the Bible, in the Second Street in Philadelphia,  |c [1720?] 
300 |a 24 unnumbered pages :  |b illustrations ;  |c (octavo) 
336 |a text  |b txt  |2 rdacontent 
337 |a computer  |b c  |2 rdamedia 
338 |a online resource  |b cr  |2 rdacarrier 
500 |a Printed from the same setting of type as the issue with imprint: Printed and sold by William Bradford, in New York (Bristol B603, Shipton & Mooney 39743). 
510 4 |a Evans  |c 2126 
510 4 |a Drake, M. Almanacs,  |c 9500 
510 4 |a Hildeburn, C.R. Pennsylvania,  |c 169 
530 |a Microform version available in the Readex Early American Imprints series. 
533 |a Electronic text and image data.  |b [Chester, Vt. :  |c Readex, a division of Newsbank, Inc.,  |d 2002-2004.  |e Includes files in TIFF, GIF and PDF formats with inclusion of keyword searchable text.  |f (Early American imprints. First series ; no. 2126). 
500 |a Electronic resource. 
655 7 |a Almanacs  |z Pennsylvania  |y 1721.  |2 rbgenr 
752 |a United States  |b Pennsylvania  |d Philadelphia. 
830 0 |a Early American imprints.  |n Series I,  |p Evans (1639-1800) ;  |v no. 2126. 
856 4 1 |u http://proxy.library.tamu.edu/login?url=https://opac.newsbank.com/select/evans/2126  |y Evans Digital Edition  |t 0 
999 |a MARS 
999 f f |s b730491d-4360-3385-8c85-b519a705e55b  |i 017a3b79-1e6a-3140-b74c-aca21019e689  |t 0 
952 f f |a Texas A&M University  |b College Station  |c Electronic Resources  |s www_evans  |d Available Online  |t 0  |h No information provided 
998 f f |t 0  |l Available Online